000 00364nam a22001457a 4500
003 MACL
005 20200129161012.0
008 200129b xxu||||| |||| 00| 0 eng d
040 _cMACL
100 _aBhardwaj , Pawan
_977950
245 _aThe Legend of APJ Abdul Kalam
260 _aDelhi
_bPunit Books
_c2018
650 _aBiography
_977951
942 _2ddc
_cBK
999 _c61893
_d61893